| 000 | 00515nam a2200181Ia 4500 | ||
|---|---|---|---|
| 999 |
_c22515 _d22515 |
||
| 003 | OSt | ||
| 005 | 20200214112703.0 | ||
| 008 | 190216s9999||||xx |||||||||||||| ||und|| | ||
| 020 | _a8172044437 | ||
| 040 | _coclc | ||
| 082 |
_a297 _bHAY/I |
||
| 100 |
_a Hayy, Aboo Saleem Abdul _91984 |
||
| 245 | 0 |
_aIslamika Sevanam / _cAboo Saleem Abdul Hayy |
|
| 250 | _a4th ed. | ||
| 260 |
_bIslamic Publishing House, _c1998. _aKozhikode: |
||
| 300 | _a94p | ||
| 942 |
_cBK _2ddc _h297 _iHAY/I _k297 _mHAY/I |
||